Daily assignment problems in first year chemistry.

Bibliographic Details
Main Author: Hanneman, Walter William
Format: Book
Language:English
Published: Minneapolis : Burgess Pub. Co., [1957-]59]
Subjects:

MARC

Tag First Indicator Second Indicator Subfields
LEADER 00000cam a2200000 4500
001 in00000049403
005 20151007071714.0
008 800604m19571959mnu 00000 eng d
035 |a (OCoLC)06386285 
035 |9 AAE6476AM 
040 |a TXA  |c TXA  |d UtOrBLW 
049 |a TXAM  |c 1  |v 1 [347720]  |v 2 [347722]  |c 2  |v 1 [347721]  |v 2 [347723] 
090 |a QD42  |b .H36 
092 |a 540.76  |b H244d, 1957-59 
100 1 |a Hanneman, Walter William. 
245 1 0 |a Daily assignment problems in first year chemistry. 
264 1 |a Minneapolis :  |b Burgess Pub. Co.,  |c [1957-]59] 
264 4 |c [©1957-] 
300 |a 2 volumes 
336 |a text  |b txt  |2 rdacontent 
337 |a unmediated  |b n  |2 rdamedia 
338 |a volume  |b nc  |2 rdacarrier 
650 0 |a Chemistry  |v Problems, exercises, etc. 
999 |a MARS 
999 f f |s 46662cef-e917-3a73-8d9c-4a46b9620290  |i 49280b72-b8e4-3b4b-b622-a4799077ae0a  |t 0 
952 f f |p ric  |a Texas A&M University  |b Rellis Campus  |c Joint Library Facility  |d Remote Storage  |t 0  |e QD42 .H36  |h Library of Congress classification  |i unmediated -- volume  |k v.1  |m A14800932806 
952 f f |p ric  |a Texas A&M University  |b Rellis Campus  |c Joint Library Facility  |d Remote Storage  |t 0  |e QD42 .H36  |h Library of Congress classification  |i unmediated -- volume  |k v.2  |m A14800932814 
998 f f |a QD42 .H36  |s v2  |t 0  |l Remote Storage 
998 f f |a QD42 .H36  |s v2  |t 0  |l Evans: Library Stacks